| 000 | 00974nam a22002177a 4500 | ||
|---|---|---|---|
| 005 | 20251029122316.0 | ||
| 010 | _aENG-141361 ENG-147009 | ||
| 020 |
_a9788119798766 _c499.00 |
||
| 035 | _aEN-124893 | ||
| 035 | _aEN-130541 | ||
| 037 | _bDBAD | ||
| 082 | _a327.73054 | ||
| 245 |
_aIndia-US Relations in the Era: _bAligned but Autonomous/ _cEdited By Harsh V Pant [and] Vivek Lall |
||
| 260 |
_aNew Delhi _bHar Anand Publications Pvy Ltd _c2024 |
||
| 270 |
_aE-49/3, Okhla Industrial Area, Phase-II _bNew Delhi _e110020 _cNew Delhi _k011-41603490 _l011-41708607 _minfo@haranandpublications.com |
||
| 300 |
_a109p. _c23cm(hb) |
||
| 700 |
_aPant, Harsh V _eEditor _970377 |
||
| 700 |
_aLall, Vivek _eEditor _970378 |
||
| 942 |
_2ddc _cEN _h327.73054 _mIND |
||
| 999 |
_c205172 _d205172 |
||